00851nam a2200265Ia 450000500170000000800410001702000180005810000350007624500690011125000180018030000250019853400230022365000390024665000430028565000380032870000290036694200150039526400260041033600270043633700330046333800280049604000350052408400110055999900150057020220317001459.0161108s2014 s g 000 f s  a97884206830581 aBalzac, Honoré ded1799-185013aLa piel de zapacHonoré de Balzac ; traductor Julio C. Acerete a2a. edición a399 páginasc20 cm tLa peau de chagrin142LEMBaNovela FrancesaySiglo XVIII142LEMBaLiteratura francesaySiglo XVIII142LEMBaFantasía en la literatura1 aAcerete, Julio C.973905 2loccBKLIT aMadridbAlianzac2014 atextobtxt2rdacontent asin mediaciónbn2rdamedia avolumenbnc2rdacarrier aCO-BoRNBPbspaerdacCO-BoRNBP aN BAL1 c7106d7106